000 00594nam a22001937a 4500
003 CEME
005 20210628203147.0
008 210119b xxu||||| |||| 00| 0 eng d
020 _a9812-53-035-5
040 _cceme
082 _a660.2812 SEI
100 _aSeider, Warren D , Seader, J.D , Lewin, Daniel R
_963692
245 _aProduct and process design principles , synthesis, analysis and evaluation
250 _a2ND
260 _aNEW DELHI
_bJOHN WILEY
_c2004
300 _aXVII,799 P
650 _aCHEMICAL PROCESSES,PRODUCT AND PROCESS DESIGN PRINCIPLES
_963693
942 _cBK
_2ddc
999 _c572432
_d572432